| 000 | 00000nam##2200000za#4500 |
| 001 | 9.679842 |
| 003 | CaOODSP |
| 005 | 20200330062332 |
| 007 | ta |
| 008 | 150407|1996||||xxc||||| f|0| 0 fre|d |
| 040 | |aCaOODSP|bfre |
| 043 | |an-cn--- |
| 086 | 1 |aF2-108/2-1996F |
| 110 | 1 |aCanada. |bMinistère des finances. |
| 245 | 10|aRapport concernant les consultations sur le Régime de pensions du Canada, juin 1996 / |cPublié par le Secrétariat fédéral-provincial-territorial pour les consultations sur le RPC. |
| 260 | |aOttawa - Ontario : |bFinances Canada |c1996. |
| 300 | |a95p. ; |c28 cm. |
| 500 | |a«Le présent rapport résume les principales questions soulevées et les points de vue exprimés à l'occasion des consultations publiques. Il est soumis à l'intention des ministres dans le cadre de leur examen du RPC.»--Avant-propos. |
| 520 | 3 |aLe présent rapport résume les principales questions soulevées et les points de vue exprimés à l'occasion des consultations publiques. Il est soumis à l'intention des ministres dans le cadre de leur examen du RPC.--Avant-propos |
| 563 | |aCouverture souple |
| 590 | |a96-27|b1996-07-05 |
| 691 | 07|aPension|2gcpds |
| 775 | 08|tReport on the Canada Pension Plan consultations, June, 1996 / |w(CaOODSP)9.646276 |
| 776 | 0#|tRapport concernant les consultations sur le Régime de pensions du Canada / |w(CaOODSP)9.640522 |
| 020 | |a0-662-81396-0 |